Online
Catalog

Educación y compromiso / (Record no. 38967)

MARC details
000 -CABECERA
campo de control de longitud fija 01138nam a2200241 a 4500
001 - NÚMERO DE CONTROL
campo de control 000039477
005 - FECHA Y HORA DE LA ÚLTIMA TRANSACCIÓN
campo de control 20250711124154.0
008 - DATOS DE LONGITUD FIJA--INFORMACIÓN GENERAL
campo de control de longitud fija 130702s2007 dr ac 000 0 spa d
020 ## - NÚMERO INTERNACIONAL ESTÁNDAR DEL LIBRO
Número Internacional Estándar del Libro 9789993443209
040 ## - FUENTE DE LA CATALOGACIÓN
Centro catalogador/agencia de origen DO-SdBNP
Lengua de catalogación spa
Centro/agencia transcriptor BNPHU
082 ## - NÚMERO DE LA CLASIFICACIÓN DECIMAL DEWEY
Número de clasificación 370.97293
Número de documento/Ítem M917e
100 1# - ENTRADA PRINCIPAL--NOMBRE DE PERSONA
Nombre de persona Mota García, Fausto,
Fechas asociadas al nombre 1955-
9 (RLIN) 31957
245 10 - MENCIÓN DE TÍTULO
Título Educación y compromiso /
Mención de responsabilidad, etc. Fausto Mota García,.
260 ## - PUBLICACIÓN, DISTRIBUCIÓN, ETC.
Lugar de publicación, distribución, etc. Santo Domingo :
Nombre del editor, distribuidor, etc. Secretaría de Estado de Educación,
Fecha de publicación, distribución, etc. 2007.
Fabricante Eduprogreso
300 ## - DESCRIPCIÓN FÍSICA
Extensión 213 p. :
Otras características físicas il., retrs. ;
Dimensiones 24 cm.
500 ## - NOTA GENERAL
Nota general Incluye datos biográficos del autor en la solapa de la cubierta
504 ## - NOTA DE BIBLIOGRAFÍA, ETC.
Nota de bibliografía, etc. Bibliografía : p. 209-213
590 ## - NOTA LOCAL (RLIN)
Nota local Inventariado, 2018/VM
505 0# - NOTA DE CONTENIDO CON FORMATO
Título Prólogo --
-- Introducción --
-- Educación y liderazgo en búsqueda de la calidad --
-- Liderazgo, crecimiento institucional y cambio --
-- Análisis y comentario sobre temas educativos --
-- Educación, supervisión educativa, cultura de paz, juventud y los valores --
-- Referencias bibliográficas.
650 #4 - PUNTO DE ACCESO ADICIONAL DE MATERIA--TÉRMINO DE MATERIA
Término de materia o nombre geográfico como elemento de entrada Educación
Subdivisión geográfica República Dominicana
9 (RLIN) 737
650 #0 - PUNTO DE ACCESO ADICIONAL DE MATERIA--TÉRMINO DE MATERIA
Término de materia o nombre geográfico como elemento de entrada Planificación educativa
9 (RLIN) 17484
910 ## - DATOS DE OPCIÓN DEL USUARIO (OCLC)
Datos de opción del usuario Validado. Control de calidad EMS
Holdings
Estado de retiro Estado de pérdida Restricciones de uso No para préstamo Código de colección Localización permanente Ubicación/localización actual Ubicación en estantería Fecha de adquisición Número de inventario Total de préstamos Signatura topográfica completa Código de barras Fecha visto por última vez Número de copia Precio válido a partir de Tipo de ítem Koha Nota pública
        Dominicana de Servicio General General Depósito 13.04.2015 LF1   370.97293 M917e 39477-30 25.06.2020 e. 3 25.06.2020 Libro y Folleto Colección Dominicana de Servicio  
        Dominicana de Servicio General General Depósito 15.05.2015 LF1   370.97293 M917e 39477-40 25.06.2020 e. 4 25.06.2020 Libro y Folleto Colección Dominicana de Servicio Perteneció a la biblioteca personal de Erick Landestoy.
      Excluido de préstamo Patrimonio Dominicano Patrimonio Dominicano Patrimonio Dominicano Depósito 02.07.2013 LF1   370.97293 M917e 39477-10 25.06.2020   25.06.2020 Libro y Folleto Colección Patrimonio Dominicano  
      Excluido de préstamo Patrimonio Dominicano Patrimonio Dominicano Patrimonio Dominicano Depósito 07.05.2014 LF1   370.97293 M917e 39477-20 25.06.2020 e. 2 25.06.2020 Libro y Folleto Colección Patrimonio Dominicano  

Powered by Koha